Case studies in managing people and businesses
Saved in:
| Main Author: | |
|---|---|
| Corporate Author: | |
| Other Authors: | , |
| Format: | Book |
| Language: | English |
| Published: |
Bratislava
Vydavateľstvo EKONÓM
1999
|
| Edition: | 2. vyd. |
| Subjects: | |
| Tags: |
No Tags, Be the first to tag this record!
|
MARC
| LEADER | 00000nam a2200000 4500 | ||
|---|---|---|---|
| 001 | c109334 | ||
| 005 | 20221102132533.4 | ||
| 020 | |a 80-225-1143-9 | ||
| 041 | 0 | |a eng | |
| 044 | |a SK | ||
| 245 | 1 | 0 | |a Case studies in managing people and businesses |c Breveníková D., Zsapková E., Pašková H. |
| 250 | |a 2. vyd. | ||
| 264 | 1 | |a Bratislava |b Vydavateľstvo EKONÓM |c 1999 | |
| 300 | |a 78 s. | ||
| 610 | 2 | 0 | |a zdroje ľudské |
| 610 | 2 | 0 | |a riadenie |
| 610 | 2 | 0 | |a podnikanie |
| 610 | 2 | 0 | |a obchod |
| 610 | 2 | 0 | |a komunikácia |
| 610 | 2 | 0 | |a angličtina |
| 610 | 2 | 0 | |a manažment personálny |
| 610 | 2 | 0 | |a manažment strategický |
| 610 | 2 | 0 | |a podnikanie medzinárodné |
| 610 | 2 | 0 | |a ruch cestovný |
| 100 | 1 | |a Breveníková, Daniela | |
| 700 | 1 | |a Zsapková, Eleonóra | |
| 700 | 1 | |a Pašková, Hana | |
| 710 | 2 | |a Ekonomická univerzita v Bratislave. Ústav jazykov | |